000 00732nam a22002537a 4500
001 BR6003923
003 BR-BrBNA
005 20230928083158.0
007 ta
008 230509b bl.||||| |||| 00| 0 por d
040 _aBR-BrBNA
_bpor
_cBiblioteca Nacional de Agricultura
041 _a(Por)
072 _aE30; E10
_b/G514
090 _ E30 BR6003923
110 1 _aServico de Informacao Agricola, Rio de Janeiro, GB (Brasil)
245 1 _aA agricultura e o governo Kubitschek [Brasil]
260 3 _aRio de Janeiro, GB (Brasil):
_c1961.
300 _a16 p.
650 _aDesenvolvimento agricola
650 _aMacroeconomia
650 _aDesenvolvimento economico
909 _a202309
_bLucia
_c55
_dLucia Elande
942 _cBK
999 _c12000
_d12000